[Event "U20 Polish Youth Championship"]
[Site "Ustron"]
[Date "2019.11.29"]
[Round "8"]
[White "Kania, Dominik"]
[Black "Stachecki, Mikolaj"]
[Result "1-0"]
[Board "21"]
[WhiteElo "1988"]
[WhiteCountry "POL"]
[WhiteFideId "21845204"]
[WhiteEloChange "8"]
[BlackElo "1901"]
[BlackCountry "POL"]
[BlackFideId "21838810"]
[BlackEloChange "-8"]

1. e4 {[%clk 1:30:30]} c5 {[%clk 1:30:30]} 2. d4 {[%clk 1:30:30]} cxd4 {[%clk
1:30:30]} 3. c3 {[%clk 1:30:30]} Nf6 {[%clk 1:30:30]} 4. e5 {[%clk 1:30:30]} Nd5
{[%clk 1:30:30]} 5. cxd4 {[%clk 1:30:30]} Nc6 {[%clk 1:30:30]} 6. Nf3 {[%clk
1:30:30]} d6 {[%clk 1:30:30]} 7. Bc4 {[%clk 1:30:30]} e6 {[%clk 1:30:30]} 8. O-O
{[%clk 1:30:30]} Be7 {[%clk 1:30:30]} 9. exd6 {[%clk 1:30:30]} Bxd6 {[%clk
1:30:49]} 10. Nc3 {[%clk 1:30:49]} Nxc3 {[%clk 1:30:13]} 11. bxc3 {[%clk
1:30:49]} O-O {[%clk 1:30:22]} 12. Bd3 {[%clk 1:29:32]} h6 {[%clk 1:12:24]} 13.
Re1 {[%clk 1:28:40]} Qc7 {[%clk 1:10:30]} 14. Bc2 {[%clk 1:27:06]} e5 {[%clk
1:05:50]} 15. Qd3 {[%clk 1:25:58]} f5 {[%clk 1:05:33]} 16. dxe5 {[%clk 1:26:02]}
Be7 {[%clk 0:59:42]} 17. Bb3+ {[%clk 1:20:31]} Kh8 {[%clk 0:59:41]} 18. Bb2
{[%clk 1:18:22]} Na5 {[%clk 0:56:45]} 19. Nd4 {[%clk 1:18:00]} Nxb3 {[%clk
0:54:55]} 20. axb3 {[%clk 1:17:59]} b6 {[%clk 0:38:56]} 21. Rad1 {[%clk 1:16:10]}
Bb7 {[%clk 0:37:17]} 22. Qg3 {[%clk 1:15:48]} Bd5 {[%clk 0:33:04]} 23. c4 {[%clk
1:14:20]} Bg8 {[%clk 0:33:28]} 24. Nb5 {[%clk 1:13:22]} Qc8 {[%clk 0:27:47]} 25.
e6 {[%clk 1:13:21]} Bf6 {[%clk 0:28:12]} 26. Bxf6 {[%clk 1:12:13]} Rxf6 {[%clk
0:24:54]} 27. e7 {[%clk 1:12:32]} Re6 {[%clk 0:25:19]} 28. Nc7 {[%clk 1:12:21]}
f4 {[%clk 0:19:32]} 29. Qxf4 {[%clk 1:12:41]} 1-0

[Event "U20 Polish Youth Championship"]
[Site "Ustron"]
[Date "2019.11.29"]
[Round "8"]
[White "Raclawicki, Kacper"]
[Black "Jeda, Maciej"]
[Result "1-0"]
[Board "22"]
[WhiteElo "1854"]
[WhiteCountry "POL"]
[WhiteFideId "1174681"]
[WhiteEloChange "10"]
[BlackElo "1865"]
[BlackCountry "POL"]
[BlackFideId "21857679"]
[BlackEloChange "-10"]

1. d4 {[%clk 1:30:58]} Nf6 {[%clk 1:30:52]} 2. c4 {[%clk 1:31:15]} g6 {[%clk
1:31:16]} 3. Nc3 {[%clk 1:31:18]} Bg7 {[%clk 1:31:38]} 4. e4 {[%clk 1:31:29]} d6
{[%clk 1:32:01]} 5. Nf3 {[%clk 1:31:19]} O-O {[%clk 1:32:20]} 6. h3 {[%clk
1:31:26]} e5 {[%clk 1:32:25]} 7. d5 {[%clk 1:30:44]} Nbd7 {[%clk 1:27:33]} 8. Be3
{[%clk 1:28:43]} Nc5 {[%clk 1:24:40]} 9. Nd2 {[%clk 1:21:14]} a5 {[%clk 1:23:04]}
10. g4 {[%clk 1:17:13]} Bd7 {[%clk 1:13:12]} 11. Be2 {[%clk 1:15:13]} c6 {[%clk
1:11:26]} 12. g5 {[%clk 1:11:47]} Ne8 {[%clk 1:11:41]} 13. Nb3 {[%clk 1:10:26]}
Na6 {[%clk 1:07:52]} 14. Qd2 {[%clk 1:02:31]} f5 {[%clk 1:04:01]} 15. gxf6 {[%clk
0:59:23]} Nxf6 {[%clk 1:04:13]} 16. f3 {[%clk 0:52:42]} Rc8 {[%clk 0:55:58]} 17.
dxc6 {[%clk 0:51:03]} Bxc6 {[%clk 0:54:59]} 18. Rd1 {[%clk 0:43:06]} Nxe4 {[%clk
0:44:51]} 19. Nxe4 {[%clk 0:39:37]} Bxe4 {[%clk 0:45:10]} 20. Qxd6 {[%clk
0:30:42]} Qxd6 {[%clk 0:44:30]} 21. Rxd6 {[%clk 0:31:10]} Bxf3 {[%clk 0:44:39]}
22. Bxf3 {[%clk 0:28:30]} Rxf3 {[%clk 0:44:59]} 23. Ke2 {[%clk 0:28:32]} Rf7
{[%clk 0:38:18]} 24. Nxa5 {[%clk 0:25:53]} Nb4 {[%clk 0:37:04]} 25. Rhd1 {[%clk
0:19:28]} Nc2 {[%clk 0:16:43]} 26. Rd8+ {[%clk 0:14:54]} Rf8 {[%clk 0:16:50]} 27.
Rxf8+ {[%clk 0:14:35]} Bxf8 {[%clk 0:17:09]} 28. Bb6 {[%clk 0:09:51]} Bc5 {[%clk
0:12:25]} 29. Bxc5 {[%clk 0:07:53]} Rxc5 {[%clk 0:12:43]} 30. Rd5 {[%clk
0:06:13]} Rc7 {[%clk 0:12:42]} 31. c5 {[%clk 0:05:39]} Kf7 {[%clk 0:07:17]} 32.
Rxe5 {[%clk 0:05:01]} Kf6 {[%clk 0:06:55]} 33. Rd5 {[%clk 0:05:15]} Nb4 {[%clk
0:06:25]} 34. Rd6+ {[%clk 0:04:51]} Kg5 {[%clk 0:05:33]} 35. a3 {[%clk 0:04:26]}
Nc2 {[%clk 0:04:44]} 36. Rd5+ {[%clk 0:01:56]} Kf4 {[%clk 0:04:58]} 37. Kd2
{[%clk 0:01:04]} Ne3 {[%clk 0:05:18]} 38. Rd4+ {[%clk 0:01:15]} Kf3 {[%clk
0:04:39]} 39. Rd3 {[%clk 0:01:24]} Re7 {[%clk 0:04:58]} 40. Nc4 {[%clk 0:01:27]}
1-0

[Event "U20 Polish Youth Championship"]
[Site "Ustron"]
[Date "2019.11.29"]
[Round "8"]
[White "Turski, Bartlomiej"]
[Black "Janeczko, Jakub"]
[Result "1-0"]
[Board "23"]
[WhiteElo "1993"]
[WhiteCountry "POL"]
[WhiteFideId "21810567"]
[WhiteEloChange "6"]
[BlackElo "1839"]
[BlackCountry "POL"]
[BlackFideId "21871655"]
[BlackEloChange "-6"]

1. e4 {[%clk 1:30:58]} c5 {[%clk 1:30:59]} 2. Nf3 {[%clk 1:31:19]} Nc6 {[%clk
1:31:25]} 3. d4 {[%clk 1:31:43]} cxd4 {[%clk 1:31:53]} 4. Nxd4 {[%clk 1:32:06]}
Nf6 {[%clk 1:32:17]} 5. Nc3 {[%clk 1:32:31]} e5 {[%clk 1:32:43]} 6. Ndb5 {[%clk
1:32:54]} d6 {[%clk 1:33:08]} 7. Bg5 {[%clk 1:33:18]} a6 {[%clk 1:33:31]} 8. Na3
{[%clk 1:33:46]} b5 {[%clk 1:33:55]} 9. Bxf6 {[%clk 1:34:09]} gxf6 {[%clk
1:34:19]} 10. Nd5 {[%clk 1:34:31]} Bg7 {[%clk 1:32:50]} 11. Bd3 {[%clk 1:34:32]}
Ne7 {[%clk 1:33:14]} 12. Nxe7 {[%clk 1:34:31]} Qxe7 {[%clk 1:33:42]} 13. c4
{[%clk 1:34:34]} f5 {[%clk 1:32:37]} 14. O-O {[%clk 1:34:49]} O-O {[%clk
1:31:41]} 15. Qh5 {[%clk 1:34:50]} bxc4 {[%clk 1:25:23]} 16. Nxc4 {[%clk
1:34:51]} f4 {[%clk 1:25:20]} 17. Nb6 {[%clk 1:34:01]} Ra7 {[%clk 1:11:36]} 18.
Nd5 {[%clk 1:32:20]} Qe6 {[%clk 1:10:28]} 19. Rac1 {[%clk 1:26:15]} Bd7 {[%clk
0:55:31]} 20. Rc3 {[%clk 1:12:08]} Rc8 {[%clk 0:50:58]} 21. Bc4 {[%clk 1:05:28]}
Qe8 {[%clk 0:42:11]} 22. Rfc1 {[%clk 0:56:25]} Be6 {[%clk 0:38:14]} 23. Nb6
{[%clk 0:53:31]} Rb8 {[%clk 0:31:34]} 24. Bxe6 {[%clk 0:52:29]} fxe6 {[%clk
0:24:54]} 25. Rc8 {[%clk 0:52:35]} Rxc8 {[%clk 0:25:23]} 26. Rxc8 {[%clk
0:53:03]} Qxc8 {[%clk 0:25:52]} 27. Nxc8 {[%clk 0:53:18]} Rc7 {[%clk 0:26:18]}
28. Qe8+ {[%clk 0:53:37]} 1-0